Hacia escuelas eficaces para todos: manual para la formación de equipos docentes
保存先:
| 主要な著者: | , , , |
|---|---|
| フォーマット: | 図書 |
| 言語: | スペイン語 |
| 出版事項: |
Madrid
Narcea
2001
|
| シリーズ: | Colección Educación Hoy. Estudios
|
| 主題: | |
| タグ: |
タグ追加
タグなし, このレコードへの初めてのタグを付けませんか!
|
MARC
| LEADER | 00000nam a2200000 a 4500 | ||
|---|---|---|---|
| 001 | UCN8159 | ||
| 003 | CL-VaPUC | ||
| 008 | 011109e20010000SP |||||||||||||||||spa|d | ||
| 020 | |a 8427713606 | ||
| 082 | 0 | 4 | |a 371.1 |b AIN |2 21 |
| 100 | 0 | |a Ainscow, Mel |e author |9 464366 | |
| 700 | |a Hopkins, David |e author |9 568325 | ||
| 700 | 0 | |a Southworth, Geoff |e author |9 464368 | |
| 700 | 0 | |a West, Mel |e author |9 464369 | |
| 245 | 1 | 0 | |a Hacia escuelas eficaces para todos: manual para la formación de equipos docentes |
| 300 | |a 158 p | ||
| 942 | |c BK | ||
| 945 | |d 20011109 00:00:00 |a vberengu | ||
| 260 | |a Madrid |b Narcea |c 2001 | ||
| 650 | 0 | |a Formación profesional de profesores |9 307493 | |
| 650 | 0 | |a Docentes |9 311365 | |
| 650 | 0 | |a Aprendizaje |9 254827 | |
| 650 | 0 | |a Calidad de la educación |9 307271 | |
| 583 | |a last modification |c 20011109 00:00:00 |k Rodrigo Vera | ||
| 490 | 0 | |a Colección Educación Hoy. Estudios | |
| 999 | |c 298191 |d 298189 | ||
| 952 | |0 0 |1 0 |4 0 |6 371_100000000000000_AIN_2001 |7 0 |8 A |9 353579 |a BIBEDU |b BIBEDU |d 2019-11-21 |i 3771121 |o 371.1 AIN 2001 |p 3771121 |r 2019-11-21 |w 2019-11-21 |y BK |k EDU | ||
| 952 | |0 0 |1 0 |4 0 |6 371_100000000000000_AIN_2001 |7 0 |8 A |9 353580 |a BIBEDU |b BIBEDU |d 2019-11-21 |i 4047869 |o 371.1 AIN 2001 |p 4047869 |r 2019-11-21 |w 2019-11-21 |y BK |k EPE | ||